[Event "European Youth Chess Championship G16"]
[Site "Prague, Top Hotel Prague"]
[Date "2012.08.24"]
[Round "8.31"]
[White "Dziodzio, Angelika"]
[Black "Luzikova, Nicola"]
[Result "1-0"]
[WhiteElo "1886"]
[BlackElo "1769"]
[PlyCount "79"]
[EventDate "2012.08.17"]

1. e4 d5 2. exd5 Nf6 3. Bb5+ Bd7 4. Be2 Nxd5 5. d4 Bf5 6. a3 e6 7. Nf3 Be7 8.
O-O O-O 9. c4 Nb6 10. Nc3 c6 11. Be3 Qc7 12. h3 N8d7 13. b4 Nf6 14. Qb3 Rfd8
15. Rad1 h6 16. Ne5 Nbd7 17. f4 Ne4 18. Nxe4 Bxe4 19. Bf3 Nf6 20. g4 Bxf3 21.
Rxf3 Nd7 22. Nd3 Nf6 23. Nf2 a5 24. g5 hxg5 25. fxg5 Nh5 26. Ng4 axb4 27. axb4
Ng3 28. Ne5 Nf5 29. c5 Rd5 30. b5 cxb5 31. Rxf5 Rad8 32. Rf3 f6 33. gxf6 gxf6
34. Rg3+ Kh8 35. Nf7+ Kh7 36. Qc2+ Rf5 37. Qg2 Qxg3 38. Qxg3 Rg8 39. Qxg8+ Kxg8
40. Nh6+ 1-0

[Event "European Youth Chess Championship G16"]
[Site "Prague, Top Hotel Prague"]
[Date "2012.08.24"]
[Round "8.32"]
[White "Machlik, Monika"]
[Black "Djogteva, Jekaterina"]
[Result "1-0"]
[WhiteElo "1718"]
[BlackElo "1828"]
[PlyCount "61"]
[EventDate "2012.08.17"]

1. d4 f5 2. c4 Nf6 3. Nc3 g6 4. Nf3 Bg7 5. e3 O-O 6. Bd3 d6 7. O-O Qe8 8. e4 e5
9. dxe5 dxe5 10. b3 Na6 11. Ba3 c5 12. Re1 f4 13. Nd5 h6 14. Qd2 g5 15. Qc3 Bg4
16. Nd2 Nxd5 17. cxd5 f3 18. g3 h5 19. Bxa6 bxa6 20. Bxc5 Rc8 21. Qe3 Rxc5 22.
Qxc5 h4 23. Nf1 Qh5 24. d6 Be6 25. d7 hxg3 26. Qxf8+ Bxf8 27. d8=Q Kf7 28. hxg3
Bh3 29. Ne3 Be7 30. Qc7 g4 31. Nf5 1-0

[Event "European Youth Chess Championship G16"]
[Site "Prague, Top Hotel Prague"]
[Date "2012.08.24"]
[Round "8.33"]
[White "Hiebler, Laura"]
[Black "Kejzar, Petra"]
[Result "1-0"]
[WhiteElo "1795"]
[BlackElo "1704"]
[PlyCount "59"]
[EventDate "2012.08.17"]

1. c4 c5 2. Nc3 Nc6 3. g3 g6 4. Bg2 Bg7 5. Nf3 Nf6 6. d4 cxd4 7. Nxd4 O-O 8.
O-O a6 9. b3 Qc7 10. Bb2 d6 11. e3 Bg4 12. Qd2 Qd7 13. Na4 Rab8 14. Rac1 Nxd4
15. Bxd4 b5 16. cxb5 axb5 17. Nb6 Qe6 18. Rc7 Ne4 19. Qb2 Bxd4 20. Qxd4 Nd2 21.
Qxd2 Rxb6 22. Qa5 Rfb8 23. Qa7 Kf8 24. Rfc1 b4 25. Bb7 R6xb7 26. Rxb7 Rxb7 27.
Qxb7 d5 28. Qxb4 Bf3 29. Qc3 d4 30. Qc8+ 1-0

[Event "European Youth Chess Championship G16"]
[Site "Prague, Top Hotel Prague"]
[Date "2012.08.24"]
[Round "8.35"]
[White "Stranska, Kamila"]
[Black "Gueci, Laura"]
[Result "1/2-1/2"]
[WhiteElo "1633"]
[BlackElo "1819"]
[PlyCount "95"]
[EventDate "2012.08.17"]

1. e4 c5 2. Nf3 d6 3. d4 cxd4 4. Nxd4 Nf6 5. Nc3 a6 6. Be3 e5 7. Nf3 Be7 8. Bc4
O-O 9. O-O Nbd7 10. Re1 Qc7 11. Bd5 Nb6 12. Rc1 Bg4 13. h3 Bh5 14. Bxb6 Qxb6
15. Bb3 Rac8 16. Qd3 Nd7 17. Nd5 Qd8 18. Red1 Bg5 19. Rb1 Nc5 20. Qe2 Bg6 21.
Nxg5 Qxg5 22. f3 Kh8 23. Qd2 Qh4 24. Qe1 Qxe1+ 25. Rxe1 Rfe8 26. c3 f5 27. Bc2
fxe4 28. Bxe4 Nxe4 29. fxe4 Rc4 30. Rbd1 Rxe4 31. Rxe4 Bxe4 32. Nc7 Re7 33.
Rxd6 h6 34. Nd5 Bxd5 35. Rxd5 Kg8 36. Kf2 Kf7 37. Ke3 Kf6 38. Ke4 Re6 39. Rd7
Rb6 40. b3 g6 41. g3 Ke6 42. Rd8 Rc6 43. c4 Rc5 44. Re8+ Kf6 45. Rf8+ Ke6 46.
Re8+ Kf6 47. Rf8+ Ke6 48. Re8+ 1/2-1/2

[Event "European Youth Chess Championship G16"]
[Site "Prague, Top Hotel Prague"]
[Date "2012.08.24"]
[Round "8.36"]
[White "Grochocinska, Urszula"]
[Black "Nicolajsen, Thea"]
[Result "1-0"]
[WhiteElo "1828"]
[BlackElo "1691"]
[PlyCount "41"]
[EventDate "2012.08.17"]

1. b3 d5 2. Bb2 c6 3. e3 Bf5 4. Ne2 Nd7 5. d3 e5 6. g3 Ngf6 7. Bg2 Qc7 8. Nd2
Bd6 9. O-O h5 10. e4 Bg4 11. h3 Bxe2 12. Qxe2 dxe4 13. Nxe4 Nxe4 14. Qxe4 Nc5
15. Qe3 Ne6 16. Rae1 f6 17. d4 O-O-O 18. dxe5 Bc5 19. Qe4 Ng5 20. Qf5+ Kb8 21.
exf6 1-0

[Event "European Youth Chess Championship G16"]
[Site "Prague, Top Hotel Prague"]
[Date "2012.08.24"]
[Round "8.37"]
[White "Goian, Valeria"]
[Black "Rodsmoen, Maud"]
[Result "1/2-1/2"]
[WhiteElo "1411"]
[BlackElo "1777"]
[PlyCount "120"]
[EventDate "2012.08.17"]

1. d4 d5 2. Nf3 Nf6 3. e3 Bg4 4. c4 e6 5. Nc3 Nc6 6. cxd5 exd5 7. Bd3 Be7 8.
O-O O-O 9. a3 a5 10. Re1 Kh8 11. h3 Bh5 12. Bd2 Re8 13. Bb5 Ne4 14. Nxe4 dxe4
15. Ng5 Bg6 16. h4 Bxg5 17. hxg5 Qxg5 18. Qb3 Reb8 19. Qc4 Bh5 20. Qc5 Qg6 21.
Be2 Bf3 22. Bxf3 exf3 23. g3 Qg4 24. Qd5 Kg8 25. Rec1 Rd8 26. Qb5 Ra6 27. Rc5
Rb6 28. Rg5 Rxb5 29. Rxg4 Rxb2 30. Be1 Rd5 31. Rf4 Rdb5 32. Rxf3 Rb1 33. Rxb1
Rxb1 34. Kf1 Ra1 35. Rf5 Rxa3 36. Rb5 Nd8 37. Bxa5 b6 38. Be1 f6 39. Rd5 Ne6
40. Rd7 Ra7 41. Re7 Ng5 42. d5 Ra1 43. Rxc7 Rd1 44. Rb7 Rxd5 45. Rxb6 Kf7 46.
Bb4 Kg6 47. Rd6 Rb5 48. Rd4 Ne6 49. Rd6 Rxb4 50. Rxe6 Rb7 51. e4 Kg5 52. Kg2 h5
53. Re8 h4 54. gxh4+ Kxh4 55. e5 fxe5 56. Rxe5 Kg4 57. Re8 g5 58. Rg8 Kf4 59.
Rf8+ Kg4 60. Rg8 Rb4 1/2-1/2